000 00734nam a2200241Ia 4500
003 OSt
005 20220925231707.0
006 a|||||r|||| 00| 0
007 ta
008 220923b |||||||| |||| 00| 0 eng d
037 _cGeneral Book
040 _aRTL
_cRTL
_beng
041 _2eng
_aeng
082 _aY9(W):6.4653.N7, L4
100 _aAronoff Myron J
_9295901
245 0 _aFrontiertown
_b The politics of community building i
260 _aManchester
_bUniversity Press
_c1974
300 _axiv,313p
_ccm.
500 _aBibliography: p 301-306; Appendix: p 283-300
650 _aPolitical Sociology
942 _hY9(W):6.4653.N7, L4
_cGB
_2CC
999 _c589165
_d589165